000 00880nam a22002777a 4500
001 BR8702504
003 BR-BrBNA
005 20230928092509.0
007 ta
008 230509b bl.||||| |||| 00| 0 por d
040 _aBR-BrBNA
_bpor
_cBiblioteca Nacional de Agricultura
041 _a(Por)
072 _aE50
_b/G514
090 _ E50 BR8702504
100 1 _aLando, A.M.
110 1 _aUniversidade Federal de Minas Gerais, Belo Horizonte (Brasil). Depto. de Ciencias Politicas
_0Tese (Mestrado)
_910837
245 1 _aEstado e campesinato: o processo de ocupacao da Rondonia
260 3 _aBelo Horizonte, MG (Brasil):
_c1979.
300 _a121 p.
500 _a(*) Documento disponível no(a) UFMG, Belo Horizonte, MG (Brazil)
650 _aCOLONIZACAO
650 _aFRONTEIRA AGRICOLA
650 _aRONDONIA
909 _a202309
_bLucia
_c55
_dLucia Elande
942 _cBK
999 _c39419
_d39419